000 00411nam a2200157 4500
001 42376
090 _a42376
100 _a20231124 pory50
101 _apor
102 _aPT
200 _aAntologia da Literatura Flamenga
_fapresentação , compil. e tradd. Fernanda Botelho
210 _aVenda Nova
_cBertrand
_d[S.d.]
215 _a270, [1] p.
675 _a821.112.5(493)
801 _aPT
_gRPC
990 _cLIVROS